000
00332nam a2200157Ia 4500
003
Ost
005
20260225132542.0
008
260225s9999||||xx |||||||||||||| ||und||
040
_c
fsic
041
_a
fre
082
_a
818.5
100
_a
Jean Roy
_e
Auteur
245
0
_a
Pour John Ford /
245
0
_c
Jean Roy
942
_c
كتاب
999
_c
33556
_d
33556